Miejscowości gminy Radzymin - Statystyki

Ogólne statystyki
  • Ten quiz został rozwiązany 12 razy
  • Średni wynik to 18 z 24
Statystyki odpowiedzi
Liczba ludności Miasto % Poprawnych
529 Mokre
100%
13 407 Radzymin
100%
3486 Słupno
100%
678 Stary Dybów
100%
363 Dybów-Kolonia
86%
223 Emilianów
86%
426 Łosie
86%
1760 Nadma
86%
572 Nowe Załubice
86%
865 Stare Załubice
86%
139 Wiktorów
86%
348 Zawady
86%
261 Zwierzyniec
86%
1056 Cegielnia
71%
379 Łąki
71%
253 Arciechów
57%
320 Borki
57%
955 Ciemne
57%
271 Nowy Janków
57%
559 Ruda
57%
288 Rżyska
57%
489 Sieraków
57%
11 Popielarze
43%
270 Stary Janków
43%
Nie znaleziono quizów pasujących do podanych kryteriów
Rozkład punktacji
Procent ludzi z każdym wynikiem
Percentyl według liczby udzielonych odpowiedzi
Twoja historia wyników
Nie rozwiązałeś tego quizu